[Event "CZE-ch"]
[Site "Zlin"]
[Date "1998.06.14"]
[Round "2"]
[White "Velicka, Petr"]
[Black "Movsesian, Sergei"]
[Result "0-1"]
[WhiteElo "2430"]
[BlackElo "2595"]
[Annotator "Ribli,Z"]
[PlyCount "74"]
[EventDate "1998.06.13"]
[EventType "tourn"]
[EventRounds "11"]
[EventCountry "CZE"]
[EventCategory "9"]
[SourceTitle "CBM 066"]
[Source "ChessBase"]
[SourceDate "1998.09.30"]
[SourceVersion "1"]
[SourceVersionDate "1998.09.30"]
[SourceQuality "1"]

1. e4 c5 2. Nf3 e6 3. c4 {Diese Variante ist heutzutage sehr populär. Wir
befinden uns im Grenzbereich zwischen Sizilianischer Verteidigung und
Englischer Eröffnung. Ribli.} Nc6 4. Nc3 Nf6 5. Be2 a6 $5 {Schwarz muß eine
Igelstellung aufbauen. Die direkte Antwort 5...d5 erscheint für Weiß
vorteilhaft nach 6.cxd5 exd5 7.e5 oder sofort 6.e5.} (5... b6 6. b3 (6. O-O Bb7
7. d4 cxd4 8. Nxd4 Nxd4 9. Qxd4 Bc5 10. Qd3 Qc7 11. Be3 O-O 12. Rfd1 Rfd8 13.
Rac1 Rac8 14. a3 Qe5 15. Bxc5 bxc5 16. Bf3 Ba6 17. b3 {1/2-1/2 Cifuentes,
R-Piket,Jeroen/Eindhoven ch-NL (01) 1992}) 6... Bb7 7. Bb2 Qb8 8. d3 Be7 9. Qd2
O-O 10. O-O Ng4 11. h3 Nge5 12. Nxe5 Nxe5 13. Rae1 Nc6 14. Bd1 Bf6 {Krasenkow,
M-Adams,M/It, Madrid ESP 1998/1/2-1/2 (51)}) (5... Qc7 6. O-O Ng4 7. g3 Nge5 8.
Nxe5 Qxe5 9. d3 Qc7 10. Nb5 Qb8 11. b3 a6 12. Na3 Be7 13. Bb2 Bf6 14. Bxf6 gxf6
15. Nc2 Qd6 16. Qd2 h5 17. h4 b6 18. Rfd1 Bb7 19. d4 cxd4 20. Nxd4 Nxd4 21.
Qxd4 Qxd4 22. Rxd4 Ke7 23. f3 Ra7 {1/2-1/2 Savon,V-Fominyh,A / Alushta 1993})
6. O-O Qc7 {Natürlich legt sich Schwarz bezüglich der Entwicklung des
Königsläufers noch nicht fest, denn in einigen Varianten (wie in der Partie)
kann er nach b4 entwickelt werden. Die schwarze Dame steht für gewöhnlich gut
auf c7.} (6... Be7 7. d4 cxd4 8. Nxd4 $14) 7. d4 (7. d3 b6 8. Ne1 d6 9. f4 g6
10. f5 Bg7 11. Nc2 O-O 12. g4 Nd7 13. g5 Bxc3 14. bxc3 exf5 15. exf5 Ne7 16. f6
Nf5 17. Bf3 Bb7 18. Bxb7 Qxb7 19. Qg4 Rfe8 20. Qh3 Nf8 21. Ne3 Nxe3 22. Bxe3 h5
23. gxh6 Kh7 $15 {0-1 Krasenkow,M-Van Wely,L/BL9798 Bochum-Porz 1997 (57)})
7... cxd4 8. Nxd4 Bb4 {[%csl Gb4,Rc3]} 9. Nxc6 (9. Na4 Bd6 10. Nxc6 bxc6 11. g3
Nxe4 12. Qd4 Nf6 13. Nb6 Rb8 14. Nxc8 Be5 $1 15. Qc5 Rxc8 16. Rd1 Rb8 17. Qa3
c5 18. Rb1 Bd4 (18... O-O $1 $15) 19. Bf3 Rb6 {1/2-1/2 Morovic Fernandez,
I-Polgar,J/Dos Hermanas 1994 (53)}) (9. Kh1 Bxc3 10. bxc3 Nxe4 11. Nxc6 Qxc6
12. Ba3 d6 13. Bf3 O-O 14. Bxe4 {1/2-1/2 Bezold,M-Rotstein,A/Bled op18th 1997})
9... bxc6 (9... dxc6 10. Be3 $5 (10. Qc2 Bc5 11. Bg5 e5 12. Rad1 Be6 13. Nb1
Bd4 14. Nd2 O-O 15. Kh1 Ng4 16. Bxg4 Bxg4 17. f3 Be6 18. Nb3 c5 19. Nc1 f6 {
Bravo,N-Castro,M/Barbera del Valles op 1995/0-1 (76)}) (10. Qb3 Bd6 11. h3 e5
12. Be3 Be6 13. Qc2 Nd7 14. a3 O-O 15. b4 b6 16. Na4 c5 17. b5 Rfd8 18. Nc3 Nf8
19. a4 a5 20. Rad1 Qb8 21. Rd2 f6 22. Nd5 Ra7 23. Rfd1 Rad7 24. Bg4 {Klinova,
M-Koskoska,G/Zonal 1.1 Women 1998/1-0 (47)}) 10... Bxc3 11. bxc3 c5 $5 12. Qc2
e5 13. f4 Bg4 14. fxe5 Bxe2 15. Qxe2 Qxe5 16. Bf4 $1 Qe6 $1 17. e5 O-O 18. Rad1
Rae8 19. Rfe1 Qf5 $1 {1/2-1/2 Cifuentes Parada,R-Lobron,E/Linares op 1996 (42)}
) 10. Qc2 $6 {Der Textzug scheint mir etwas passiv zu sein. Seine Alternative
10.Qd3 bietet hingegen Aussichten auf Eröffnungsvorteil.} (10. Qd3 O-O 11. f4 (
11. Bd2 Be7 12. Rac1 d6 13. Kh1 Bb7 14. Qg3 Rfd8 15. Bh6 Ne8 16. Be3 c5 17.
Rfd1 Bf6 18. f3 Bc6 19. Rd2 Rab8 $13 {1-0 Sheremetieva,M-Umanskaya,I/Moscow-W
1990 (46)}) 11... d5 12. e5 Nd7 13. Be3 Bb7 14. Rac1 Qb8 15. Na4 Rd8 16. c5 Ba5
17. Rf3 Bc8 18. Rh3 g6 19. a3 Re8 20. Bd4 Bd8 21. Rc3 Ra7 22. Qc2 a5 23. Rb3
Qc7 24. Nb6 Ba6 25. Bxa6 Rxa6 26. Nxd7 Qxd7 27. Rh6 Kg7 28. Rbh3 Rh8 29. f5 {
1-0 Popa,V-Barbero,G/Belgrade GMA 1988 (39)}) 10... Bc5 {[%csl Gc5,Yd4][%cal
Gc5g1] Schwarz stellt den Läufer zwar mit Tempoverlust nach c5, kontrolliert
jetzt aber das Zentralfeld d4 und die Diagonale a7-g1.} 11. Na4 (11. Qd3 {
Weiß kann so den Läufertausch mit 12.Be3 vorbereiten, wenngleich dies unter
Tempoverlust geschieht.}) (11. Rd1 Qa7 {[%cal Ra7f2]} (11... e5 {[%csl Yd4]}))
11... Bd4 $13 (11... Ba7 $2 12. c5 $16 {[%csl Ra7]}) 12. c5 {[%csl Rc8,Gd4]
Weiß gewinnt Raum am Damenflügel, bereitet Na4-b6 vor und verhindert ...c6-c5.
Der schwarze Läufer auf c8, der häufig der Schwachpunkt der Variante ist,
steht schlecht.} O-O 13. g3 (13. Rd1 e5 14. Bg5 $5) (13. Rb1 d5 14. cxd6 Qxd6 {
[%csl Gd4] und Schwarz läßt ...e6-e5 oder ...c6-c5 folgen, um den starken
Läufer auf d4 zu stützen.}) (13. Nb6 Rb8 14. Nxc8 Rfxc8 15. Bxa6 Re8 $44 {
Dies ist die Partiestellung ohne das Zugpaar g3/...e5.}) 13... e5 {[%csl Gd4]}
14. Nb6 {Es erscheint mir nicht logisch, den Springer gegen den unentwickelten
schwarzen Damenläufer zu tauschen.} (14. Rb1 d5 (14... a5 $6 {[%cal Gc8a6,
Ga6e2] Schwarz plant den Abtausch seines Damenläufers.} 15. b3 Ba6 16. Bb2 Bxe2
17. Qxe2 $14) 15. cxd6 Qxd6 {[%csl Gd4][%cal Gc8h3]}) 14... Rb8 15. Nxc8 Rfxc8
$5 (15... Qxc8 {Und Schwarz hat keine großen Probleme. Der Partiezug ist aber
ambitionierter.}) 16. Bxa6 Re8 $44 {Diese Stellung ähnelt der Paulsen Variante
der Sizilianischen Verteidigung nach den Zügen: 1.e4 c5 2.Nf3 e6 3.d4 cxd4 4.
Nxd4 Qc7 5.Nc3 Nc6 6.Be2 a6 7.0-0 Nf6 8.Be3 Bb4 9.Na4 0-0 10.Nxc6 bxc6 11.Nb6
Rb8 12.Nxc8 Rfxc8 13.Bxa6 Rf8.  Der Verlust des Bauern a6 ist in unserer
Partie nicht von großer Bedeutung, denn Schwarz hat Spiel in der b-Linie und
der weiße Bauer c5 ist schwach.} 17. Bd3 {[%csl Rb2,Gb8,Rc1,Gd4] Wegen der
Schwäche des Bauern b2 hat Weiß Probleme mit der Entwicklung des Damenläufers.}
Qa7 {[%csl Rc5]} 18. a3 {Weiß plant, seinen Damenflügel mit b2-b4 zu befreien.}
(18. Rd1 Qxc5 19. Qxc5 Bxc5 $11 {[%cal Gb8b2]}) 18... h6 {Die Eroberung des
Bauern c5 hat keine Eile. Zunächst sichert sich Schwarz gegen 19.Bg5 ab.} 19.
Ra2 $6 {Dieser schräge Zug gefällt mir nicht. Der Turm steht auf a2
unnatürlich.} (19. Rb1 Bxc5 20. b4 Bd4 21. Rb3 $11) 19... Bxc5 20. b4 Bd4 {
[%csl Gd4]} 21. Kg2 {Es ist notwendig, die Diagonale a7-g1 zu verlassen.} d5
$15 {[%csl Gd5,Ge5] Weiß besitzt zwar das Läuferpaar, es strahlt aber wenig
Aktivität aus, während Schwarz das Zentrum beherrscht.} 22. Qe2 (22. exd5 cxd5
$15 {[%csl Ge5] Die schwarze Bauernmasse ist gefährlich.}) 22... Qa8 {[%cal
Ga8g2]} 23. exd5 $2 (23. f3 $15 {Meines Erachtens muß Weiß seinen
e4-Zentrumsbauern um jeden Preis decken.}) 23... cxd5 24. Bb5 {[%csl Ga8,Gd5,
Ge5,Rg2][%cal Rb5e8,Ga8g2]} Re6 25. Rc2 e4 {Dank seines Zentrumsübergewichtes
hat Schwarz ein ledendiges Figurenspiel. Weiß hat Probleme, Gegenspiel zu
organisieren.} 26. Bf4 {[%cal Rf4b8]} Be5 {Schwarz macht seinem d-Bauern den
Weg frei.} 27. Bxe5 Rxe5 {[%csl Ra3][%cal Ra8a3]} 28. a4 d4 $17 {[%cal Ga8g2,
Rd4d3,Rd3e2,Rd3c2] Die schwarzen Zentrumsbauern sind leicht zu mobilisieren,
während der Weiße am Damenflügel kaum vorankommt.} 29. Bc6 Qa7 30. Rc4 Rd8 {
[%csl Ga7,Gd4,Gd8,Ge4,Ge5,Gf6] Die schwarzen Figuren harmonieren gut.} 31. h3 {
Weiß verteidigt sich gegen ...Ng4, schwächt aber die Königsstellung.} e3 32.
Qd3 {Der weiße Wunsch nach Blockade des d-Buern ist verständlich.} (32. Rd1 $5)
(32. fxe3 Rxe3 33. Qf2 Qe7 $40 {[%cal Re7e2,Re2g2]}) (32. f4 $2 d3 $17 {
[%csl Gd3,Ge3]}) 32... exf2 33. Rxf2 Re3 {[%csl Rd3,Ge3,Rg2]} 34. Qd2 Nh5 {
[%csl Ge3,Rg2,Rg3,Gh5][%cal Re3g3]} 35. Rf3 (35. g4 $5 Nf6 $17 {Die weiße
Königsstellung ist schwach.} (35... Qc7 36. gxh5 Qg3+ 37. Kf1 {Schwarz hat
Angriffschancen, aber ich bin nicht überzeugt, daß sein Angriff entscheidend
ist.}) (35... Rg3+ 36. Kf1 (36. Kh2 Qb8 {[%csl Rh2][%cal Gb8h2]} 37. gxh5 Rc3+
$19) 36... Nf6 $40)) 35... Qe7 {[%csl Rg2][%cal Re7e2,Re2g2,Re2d2]} 36. Rc2 Rd6
{[%csl Gd6,Ge3,Ge7,Rg2,Gh5][%cal Gd6g6,Gg6g2] Alle vier schwarzen Figuren
nehmen am Angriff teil.} 37. g4 $4 {Ein grober Fehler in schwieriger Lage. Ich
glaube, hier spielte auch die Zeitnot eine Rolle.} (37. Rxe3 dxe3 38. Qe2 Qe5 {
[%csl Ge5,Rg2,Rg3]} 39. Qg4 Nxg3 $17 40. Qxg3 $2 Rg6 $19 {[%cal Gg6g2]}) 37...
Rxc6 {und Weiß gab auf. Er verliert Material.} (37... Rxc6 38. Rxc6 Re2+ $19 {
[%cal Re2g2,Re2d2]}) 0-1

[Event "RUS-ch51"]
[Site "St Petersburg"]
[Date "1998.08.06"]
[Round "10"]
[White "Shchekachev, Andrei"]
[Black "Shipov, Sergei"]
[Result "0-1"]
[WhiteElo "2560"]
[BlackElo "2635"]
[Annotator "Ribli,Z"]
[PlyCount "56"]
[EventDate "1998.07.28"]
[EventType "swiss"]
[EventRounds "11"]
[EventCountry "RUS"]
[SourceTitle "CBM 067"]
[Source "ChessBase"]
[SourceDate "1998.11.30"]
[SourceVersion "2"]
[SourceVersionDate "1998.11.01"]
[SourceQuality "1"]

{[%mdl 320]} 1. c4 Nf6 2. Nc3 c5 3. Nf3 e6 4. e4 {Das ist eine relativ neue
Fortsetzung. Die Stellung ist im Grenzbereich zwischen der Englischen
Eröffnung und der Sizilianischen Verteidigung. Es sei angemerkt, daß dieselbe
Stellung auch mit der Zugfolge 1.e4 c5 2.Nf3 e6 3.c4 Nf6 4.Nc3 erreicht werden
kann. Ribli.} Nc6 5. Be2 Qc7 (5... b6 6. O-O Bb7 7. Re1 Qb8 8. d3 (8. h3 Bd6 9.
d4 cxd4 10. Nxd4 Bh2+ 11. Kh1 Nxd4 12. Qxd4 Be5 13. Qd3 O-O $15 {Ruck,R-Ribli,
Z/HUN-chT 1996}) 8... Bd6 9. h3 Ne5 10. Nxe5 Bxe5 11. Be3 O-O 12. Qd2 d5 13.
exd5 exd5 14. d4 cxd4 15. Bxd4 dxc4 16. Bxc4 Bxd4 17. Qxd4 Qc7 18. Bf1 Rad8 {
1/2-1/2 Mohr,G-Ribli,Z/IV CUP BiH 1998}) 6. d4 (6. O-O a6 7. d4 (7. d3 b6 8.
Ne1 d6 9. f4 g6 10. f5 Bg7 11. Nc2 O-O 12. g4 Nd7 13. g5 Bxc3 14. bxc3 exf5 15.
exf5 Ne7 16. f6 Nf5 17. Bf3 Bb7 {0-1 Krasenkov,M-van Wely,L/BL 1997 (57)}) 7...
cxd4 8. Nxd4 Bc5 9. Nc2 b6 10. Bg5 Bb7 11. Bh4 Bd6 12. Bg3 Bxg3 13. hxg3 O-O
14. Rc1 d6 {1/2-1/2 Berezjuk,S-Fominyh,A/Bela Crkva 1990 (41)}) 6... cxd4 7.
Nxd4 Nxd4 $5 $146 {Durch diesen Abtausch gewinnt Schwarz ein Tempo für die
Entwicklung seines Königsläufers.} (7... a6 8. Be3 Bb4 9. Nxc6 bxc6 10. O-O
Bxc3 11. bxc3 c5 12. f3 d6 13. Qa4+ Bd7 14. Qa3 e5 15. Rad1 h6 16. Rd2 a5 17.
Rb1 O-O 18. Qc1 Rfb8 {1/2-1/2 Komliakov,V-Nenashev,A/Calcutta 1997 (63)}) 8.
Qxd4 Bc5 {Das ist eine Hauptidee in der Paulsen-Variante. Schwarz kann seinen
Läufer nach c5 oder in anderen Varianten nach b4 entwickeln.} 9. Qd3 a6 10. O-O
Be7 11. f4 $14 {Weiß kontrolliert mehr Raum und hat Entwicklungsvorsprung. Die
schwarze Stellung ist zwar ein wenig passiv, aber elastisch.} d6 12. b3 Bd7 13.
Qg3 O-O 14. Kh1 {Ein nützlicher Prophylaxezug in solchen Stellungen.} Bc6 15.
Bb2 Rad8 (15... Rac8 16. Rad1) (15... Nxe4 $4 {Das ist ein wohlbekannter
Fehler.} 16. Nxe4 Bxe4 17. Qxg7#) 16. Rae1 (16. Rac1 $5 {[%cal Gc1c7]}) 16...
b6 $5 {Schwarz räumt das Feld b7 für die Dame.} 17. Bd3 (17. Bf3 Qb7 $11) 17...
Qb7 $13 18. Qh3 {[%cal Gh3h7,Gd3h7] Weiß hat eine potentielle Angriffsstellung.
} h6 $5 {Es ist notwendig, daß Schwarz den Drohungen gegen h7 begegnet.} (18...
b5 19. Nd5 (19. e5 $2 dxe5 20. fxe5 Rxd3 21. Qxd3 Bxg2+ 22. Kg1 Bxf1) 19...
exd5 20. exd5 Bxd5 21. cxd5 (21. Bxf6 Bxg2+ 22. Qxg2 Qxg2+ 23. Kxg2 Bxf6) 21...
g6 22. f5 $16) 19. Re3 {[%cal Ge3g3,Gg3g8]} Kh8 20. Rg3 Rg8 {Schwarz muß
angesichts des kraftvollen weißen Spiels am Königsflügel vorsichtig sein.} 21.
e5 $6 {Normalerweise sollte dieser Themazug für Schwarz gefährlich sein, ist
es aber in dieser konkreten Steluung nicht. Weiß muß sich allerdings beeilen,
sonst kommt Schwarz zu Gegenspiel mit ...b6-b5.} (21. f5 e5) 21... Nh7 {[#]} (
21... dxe5 $2 22. fxe5 {[%cal Rf1f7]} Nd7 23. Rxf7 Nxe5 {[#]} 24. Qxh6+ gxh6
25. Rh7#) 22. Qh5 {[%cal Rh5f7]} (22. f5 Ng5 23. Qg4 exf5 24. Qxf5 (24. Rxf5
dxe5) 24... dxe5 25. Rxg5 Rxd3) 22... dxe5 $1 (22... Rgf8 {Weiß hat mindestens
Zugwiederholung mit 23.Qg4 Rg8 24.Qh5.}) 23. Bxh7 (23. Qxf7 $2 Rxd3 24. Rxd3
Bxg2+ 25. Kg1 Bc5+ $19 {[%cal Rb7f7]}) (23. fxe5 $2 Rxd3 24. Rxd3 Bxg2+ $19)
23... Kxh7 24. Qxf7 Bf6 25. Qg6+ (25. Qxb7 Bxb7 26. fxe5 Bxe5 $15 {[%csl Rb2,
Gb7,Gd8,Ge5] Schwarz kann wegen des Läuferpaares zufrieden sein.}) 25... Kh8
26. Rh3 Rgf8 {Schwarz muß den Läufer decken.} (26... exf4 $2 27. Rxh6+ gxh6 28.
Qxh6+ Qh7 29. Qxf6+ Qg7 (29... Rg7 30. Qxd8+) 30. Qh4+ Qh7 31. Nd5+ $18 {
[%cal Rb2h8]}) 27. fxe5 $4 (27. Ba3 {[%cal Ra3f8]} Be7 28. Rxh6+ gxh6 29. Qxh6+
Kg8 30. Qg6+ $11 {Und Weiß hat Dauerschach.} (30. Qxe6+ $2 Rf7)) 27... Bg5 $1
$19 {[%csl Rh1] Plötzlich steht Weiß auf Verlust! Sein König kann nicht mehr
verteidigt werden.} 28. Rg1 (28. Rxf8+ Rxf8 $19 {[%csl Rh1]}) 28... Bxg2+ {
Weiß gab auf. Er wird Matt.} (28... Bxg2+ 29. Rxg2 Rf1#) 0-1

[Event "Bazna Kings 5th"]
[Site "Medias"]
[Date "2011.06.19"]
[Round "8"]
[White "Ivanchuk, Vassily"]
[Black "Nisipeanu, Liviu Dieter"]
[Result "1/2-1/2"]
[WhiteElo "2776"]
[BlackElo "2659"]
[Annotator "Rogozenco,D"]
[PlyCount "48"]
[EventDate "2011.06.11"]
[EventType "tourn"]
[EventRounds "10"]
[EventCountry "ROU"]
[EventCategory "21"]
[SourceTitle "CBM 143"]
[Source "ChessBase"]
[SourceDate "2011.07.15"]
[SourceVersion "1"]
[SourceVersionDate "2011.07.15"]
[SourceQuality "1"]

1. c4 c5 2. Nf3 Nf6 3. Nc3 e6 4. d4 cxd4 5. Nxd4 a6 6. e4 Qc7 {This position
can also arise via the following move order: 1.e4 c5 2.Nf3 e6 3.d4 cxd4 4.Nxd4
a6 5.c4 Nf6 6.Nc3 Qc7.} 7. a3 b6 8. Be3 Bb7 9. f3 Nc6 10. Be2 Nxd4 11. Bxd4 Bd6
12. Qd2 $5 {Ivanchuk offers the h2-pawn in order to quickly complete
development, but Nisipeanu decides not to accept "the gift". Soon the Romanian
GM will sacrifice a pawn himself.} (12. g3) 12... O-O ({Nisipeanu didn't like
his king after} 12... Bxh2 13. O-O-O Bf4 14. Be3 Bxe3 15. Qxe3 {and there is
no place on the board where the black monarch won't be in danger. White's plan
here is to advance the g-pawn and increase pressure in the centre and on the
kingside.}) 13. Na4 b5 $1 (13... Bxh2 {is not a kind of move to consider after
just having castling short.}) 14. cxb5 axb5 15. Bxb5 {White has to accept the
challenge.} Bf4 16. Qc3 (16. Be3 {runs into} Bxe3 17. Qxe3 Rxa4 $1 18. Bxa4
Qa5+) 16... Qb8 $1 17. Nb6 ({After} 17. Bxf6 gxf6 ({Black can also consider} 
17... Rc8 {and if} 18. Nc5 {then} gxf6 19. Bxd7 Be5 {with advantage}) 18. Qxf6
Be5 19. Qg5+ Kh8 {Black has compensation for the two sacrificed pawns.}) 17...
Ba6 $1 {Very inspired play by Nisipeanu. Black's main purpose is to keep the
white king on e1.} 18. Qa5 ({An interesting alternative was} 18. Bc4 Ra7 ({
Perhaps Black can consider} 18... Bxc4 19. Nxa8 Ba6 20. Nb6 d5) 19. g3 {
with the idea} Bc7 20. Bxf6 $1 Bxb6 (20... gxf6 21. Nxd7 Bxg3+ 22. hxg3 Rxd7
23. Bxa6) 21. Bxg7) ({After} 18. Ba4 {Black has the very sharp idea} Qb7 (18...
Ra7 {might be an option as well.}) 19. Nxa8 Nxe4 20. fxe4 Qxe4+ 21. Kf2 Bb7 {
and in spite of being a knight and a rook up (!) White's position is extremely
dangerous. For instance:} 22. Rhg1 Rc8 23. Rae1 Qf5 24. g4 Bg3+ $1 25. Kxg3
Rxc3+ 26. bxc3 Qf3+ 27. Kh4 f6 28. Rg3 Qf4 {and Black wins.}) 18... Bxb5 19.
Qxb5 (19. Nxa8 Nxe4 20. fxe4 Qb7 {offers Black a powerful initiative.}) 19...
d5 {Nisipeanu opens the position as much as possible.} ({After} 19... Qb7 20.
a4 {White consolidates.}) 20. Qe2 Be5 $1 {Again a very precise move from the
Romanian grandmaster. After other moves White defends and remains with extra
material.} (20... dxe4 21. Nxa8) (20... Ra7 21. e5 Nd7 22. Nxd7 Rxd7 23. g3 Bg5
24. O-O) 21. Bxe5 {Ivanchuk also chooses the best continuation.} (21. Bc5 Qc7
$1 22. Rc1 Rab8 23. Rc2 Rfe8 24. Bd4 Qxc2 25. Qxc2 Bxd4 26. Na4 Rec8 27. Qb1
dxe4 {is again in Black's favour.}) 21... Qxb6 {White is still a pawn up, but
his king is still in the centre. The position is one of dynamic equality.} 22.
Rd1 {With the intention to play 23.Bd4.} (22. Qf2 Qb5 23. Bxf6 gxf6 24. Qe2 Qb6
{brings White nowhere.}) 22... Ra4 $5 {Very creative, preventing White's
intention.} ({After} 22... dxe4 23. Bd4 exf3 ({or} 23... Qa5+ 24. Bc3 Qb6 25.
fxe4 Rfd8 26. Rf1) 24. Qxf3 Qa5+ 25. Bc3 (25. Kf2 {is doubtful, handing Black
the initiative:} e5 $1) 25... Qb6 26. Bxf6 gxf6 27. Qg4+ Kh8 28. Qd4 Qxd4 29.
Rxd4 Rfb8 30. Rd2 {White can claim an edge.}) 23. Qf2 (23. Bxf6 gxf6 24. exd5
exd5 25. Rxd5 {is asking for troubles:} Rc8 {and White is defenceless against
Black's activity.}) 23... Qb5 24. Qe2 Qb6 1/2-1/2